01428 2200433 4500001002100000005001500021035002000036007000300056008004100059020002200100082000800122084001200130245034500142250001000487260004000497300004300537500001100580650002600591700003100617700002300648700003200671700001600703700001500719700002700734700002400761700002100785700001700806700001900823700002100842700001500863700001800878700001800896504002500914990001100939990001100950990001100961990001100972990001100983INLIS00000000000595620200716100017 a0010-0720000124ta200716 g 0 ind  a978-602-9192-55-1 a030 a030 ENS aEnsiklopedia Teknologi Informasi Komunikasi :bAAC (Advanced Audio Coding) Azureus Vuze /cAdian Zikri Jasuara Lubis, Yoan Heru Prabowo, Azzahra Inang Sahata Lubis, Agus Salim; editor, Friemadona, Krestiyati M. Tanassy, AangPermana Wijaya, Kenuk Kurniasih, Eka Maryono, Arman Badriza, M. Ali Sumaredi, Ferarianty, Edward Yosef, Agus Saputra acet.1 aDepok :bOptima Intelijensia,c2013 ajil.1, vii, 64 hlm. :bilus. ;c26 cm. aIndeks 4aENSIKLOPEDI DAN KAMUS0 aLUBIS, Adian Zikri Jasuara0 aYOAN, Heru Prabowo0 aLUBIS, Azzahra Inang Sahata0 aAGUS, Salim0 aFRIEMADONA0 aKRESTIYATI, M. Tanassy0 aAANGPERMANA, Wijaya0 aKENUK, Kurniasih0 aEKA, Maryono0 aARMAN, Badriza0 aALI, Sumaredi M.0 aFERARIANTY0 aEDWARD, Yosef0 aAGUS, Saputra aBibliografi : hlm.63 a7528 a a7528 b a7528 c a7528 d a7528 e